| 000 | 00743nam a2200181Ia 4500 | ||
|---|---|---|---|
| 005 | 20250423095230.0 | ||
| 008 | 250422s9999 xx 000 0 und d | ||
| 020 | _a9780521001854 | ||
| 050 | _aPE 1137 .H324/ | ||
| 100 | _aHancock, Mark. | ||
| 245 | 0 | _aEnglish pronunciation in use: self-study and classroom use | |
| 260 | _aNew York | ||
| 260 | _bCambridge | ||
| 260 | _c2003 | ||
| 300 | _a200 p | ||
| 650 | _aEnglish language--Pronunciation by foreign speakers--Problems, exercises, etc. English language--Textbooks for foreign speakers--Problems, exercises, etc. English language--Spoken English--Problems, exercises, etc. Listening--Problems, exercises, etc. English language--Sound recordings for foreign speakers. | ||
| 942 | _cBK | ||
| 999 |
_c29648 _d29648 |
||